| 000 | 00445cam a2200181ua 4500 | ||
|---|---|---|---|
| 020 | _cRs 2.00 | ||
| 041 |
_ahin _h |
||
| 082 |
_a891.54 _bRAJ/KH |
||
| 100 | _aRajendra, Prasad . | ||
| 245 |
_aKhuran and dharmik matbhed / _cRajendra Prasad. _hTextual Documents |
||
| 250 |
_a1 / _b. |
||
| 260 |
_aIndia : _bAtmaram and sons , _c1955. |
||
| 300 | _a87 ; . | ||
| 365 | _aRs 2.00 | ||
| 504 | _a | ||
| 942 | _cBK | ||
| 999 |
_c3581 _d3581 |
||